00629nam a2200193Ia 4500008004100000020001400041082001600055100001900071245004600090250000700136260004500143300002000188500001900208600002100227650005000248942000700298952011500305999001500420240925s9999 xx 000 0 und d a137192797 a005.133 AND aAnderson, Bile 0aNetscape Developer's Guide JavaScript 1.2 aNA aNew Jersey:bPrintice- Hall Int.c,1998. a0bNAfOriginal aIncludes Index aComputer Science aComputer science, information & general works cBK 001040708CSaUITUbUITUd2000-07-28eNAg395.00l0o005.133 ANDpQ2505r2024-09-25 07:12:49w2024-09-25yBK c5004d5004